000 00686nam a22002417a 4500
003 UA-OsUOA
001 75902
007 ta
008 20110606b un ||||| |||| 00| 0 ukr d
100 _aРокфеллер Д.
090 _a821.161.2(410.1)(092)
_bР66
942 _cBK
040 _aUA-OsUOA
_bukr
_cUA-OsUOA
_dUA-OsUOA
245 _aМемуари
_cз англ. пер. С.Петрова та О.Усатюк
300 _a644 с.
955 _a3
041 _aukr
080 _a821.161.2(410.1)(092)
020 _a966-8118-69-2
260 _aК.
_bЮніверс
_c2009
650 7 _a82 Література. Літературознавство
_2UDC
999 _c362198
_d362198